书目信息 |
| 题名: |
无人机系统导论
|
|
| 作者: | 法尔斯特伦 , 格里森 著 ;郭正 译 | |
| 分册: | ||
| 出版信息: | 北京 国防工业出版社 2020.8 |
|
| 页数: | 18,266页 | |
| 开本: | 24cm | |
| 丛书名: | ||
| 单 册: | ||
| 中图分类: | V279 | |
| 科图分类: | ||
| 主题词: | 无人驾驶飞机 | |
| 电子资源: | ||
| ISBN: | 978-7-118-09970-6 | |
| 000 | 01387nam0 2200301 45 | |
| 001 | 012001001013 | |
| 005 | 20140912141646.0 | |
| 010 | @a978-7-118-09970-6@dCNY70.00 | |
| 100 | @a20150619d2015 em y0chiy50 ea | |
| 101 | 1 | @achi@ceng |
| 102 | @aCN@b110000 | |
| 105 | @aa z 000yy | |
| 106 | @ar | |
| 200 | 1 | @a无人机系统导论@Awu ren ji xi tong dao lun@b专著@dIntroduction to UAV systems@f(美)Paul Gerin Fahlstrom,(美)Thomas James Gleason著@g郭正[等]译@zeng |
| 210 | @a北京@c国防工业出版社@d2020.8 | |
| 215 | @a18,266页@c图@d24cm | |
| 300 | @a装备科技译著出版基金 | |
| 300 | @a并列题名:Introduction to UAV systems | |
| 305 | @a由John Wiley & Sons,Ltd.授权国防工业出版社独家出版发行 据原书第4版译出 | |
| 330 | @a本书共有六部分,第一部分包括第1、2章,介绍了无人机的历史、分类与任务;第二部分包括第3-7章,涵盖飞行器设计的多个专题;第三部分包括第8、9章,讨论了任务规划和控制函数等;第四部分包括第10-12章,涉及飞行器载荷等;第五部分包括第13-16章,涵盖数据链与通信子系统;第六部分包括第17-19章,介绍了无人机发射与回收的方法。 | |
| 510 | 1 | @aIntroduction to UAV systems@zeng |
| 606 | 0 | @a无人驾驶飞机 |
| 690 | @aV279@v5 | |
| 701 | 0 | @c(美)@a法尔斯特伦@Afa er si te lun@c(Fahlstrom, Paul Gerin)@4著 |
| 701 | 0 | @c(美)@a格里森@Age li sen@c(Gleason, Thomas James)@4著 |
| 702 | 0 | @a郭正@Aguo zheng@4译 |
| 801 | 0 | @aCN@bBJSDL@c20211011 |
| 905 | @b1332699-702@dV279@e66@f4 | |
| 无人机系统导论=Introduction to UAV systems/(美)Paul Gerin Fahlstrom,(美)Thomas James Gleason著/郭正[等]译.-北京:国防工业出版社,2020.8 |
| 18,266页:图;24cm |
| 装备科技译著出版基金.-并列题名:Introduction to UAV systems |
| ISBN 978-7-118-09970-6:CNY70.00 |
| 本书共有六部分,第一部分包括第1、2章,介绍了无人机的历史、分类与任务;第二部分包括第3-7章,涵盖飞行器设计的多个专题;第三部分包括第8、9章,讨论了任务规划和控制函数等;第四部分包括第10-12章,涉及飞行器载荷等;第五部分包括第13-16章,涵盖数据链与通信子系统;第六部分包括第17-19章,介绍了无人机发射与回收的方法。 |
| ● |
| 相关链接 |
|
|
|
|
正题名:无人机系统导论
索取号:V279/66
 
预约/预借
| 序号 | 登录号 | 条形码 | 馆藏地/架位号 | 状态 | 备注 |
| 1 | 1332699 | 213326998 | 第二样本阅览室/ [索取号:V279/66] | 在馆 | |
| 2 | 1332700 | 213327005 | 第三借阅区/ [索取号:V279/66] | 在馆 | |
| 3 | 1332701 | 213327014 | 第三借阅区/ [索取号:V279/66] | 在馆 | |
| 4 | 1332702 | 213327023 | 第三借阅区/ [索取号:V279/66] | 在馆 |